Audit výkonnosti podniku
Integrovaný model podniku a metodika pre systematické meranie a rozvíjanie výkonnosti podniku vypracované spoločnosťou Fraunhofer IPA. Štyri hlavné oblasti, ktoré musí každá firma merať a rozvíjať. Metodika a postup auditu. Hlavné výsledky auditu. Hodnotené oblasti auditu výkonnosti podniku podľa IP...
Salvato in:
| Autore principale: | |
|---|---|
| Altri autori: | |
| Natura: | Capitolo di libro |
| Lingua: | ceco |
| Soggetti: | |
| Tags: |
Nessun Tag, puoi essere il primo ad aggiungerne!!
|
MARC
| LEADER | 00000naa$a2200000$$$4500 | ||
|---|---|---|---|
| 001 | 0051608 | ||
| 005 | 20231106123424.2 | ||
| 041 | 0 | |a cze | |
| 044 | |a CZ | ||
| 245 | 1 | 0 | |a Audit výkonnosti podniku |c Ján Košturiak, Jozef Krišťák |
| 520 | |a Integrovaný model podniku a metodika pre systematické meranie a rozvíjanie výkonnosti podniku vypracované spoločnosťou Fraunhofer IPA. Štyri hlavné oblasti, ktoré musí každá firma merať a rozvíjať. Metodika a postup auditu. Hlavné výsledky auditu. Hodnotené oblasti auditu výkonnosti podniku podľa IPA. | ||
| 610 | 2 | 0 | |a audit |
| 610 | 2 | 0 | |a kontrola |
| 610 | 2 | 0 | |a výkonnosť |
| 610 | 2 | 0 | |a výkony podnikové |
| 610 | 2 | 0 | |a procesy podnikové |
| 610 | 2 | 0 | |a stratégia podniková |
| 610 | 2 | 0 | |a vedomosti |
| 610 | 2 | 0 | |a zdroje ľudské |
| 610 | 2 | 0 | |a spoločnosti |
| 100 | 1 | |a Košturiak, Ján | |
| 700 | 1 | |a Krišťák, Jozef | |